Investície do ľudí: nábor a vzdelávanie

Salvato in:
Dettagli Bibliografici
Autore principale: Bohunická, Lucia
Natura: Capitolo di libro
Lingua:slovacco
Tags: Aggiungi Tag
Nessun Tag, puoi essere il primo ad aggiungerne!!

MARC

LEADER 00000naa a2200000 4500
001 0120413
005 20240502072343.1
041 0 |a slo 
044 |a SK 
245 1 0 |a Investície do ľudí: nábor a vzdelávanie  |c Lucia Bohunická 
100 1 |a Bohunická, Lucia